Statistics for Justice League Heroes (Playable Characters)

Click here to take the quiz!

General Stats

  • This quiz has been taken 40 times
  • The average score is 12 of 15

Answer Stats

Answer% Correct
Batman
100%
Superman
100%
Flash
96%
Wonder Woman
96%
Green Lantern (Hal Jordan)
88%
Green Lantern (John Stewart)
88%
Green Lantern (Kyle Rayner)
88%
Aquaman
85%
Martian Manhunter
85%
Green Arrow
77%
Hawkgirl
62%
Zatanna
62%
Supergirl
54%
Black Canary
50%
Huntress
31%

Score Distribution

Percentile by Number Answered

Percent of People with Each Score

Your Score History

You have not taken this quiz